000 00451cam a2200181ua 4500
001 6671
008 140311n ii |||gr||||Z||||||eng
040 _cMAIN
082 _a001.4
245 _aQuantitative techniques
_cBy Digambar Patri
250 _a1st ed.
260 _aLudhiana:
_bKlayani publishers,
_c1995.
300 _ax,830p.
653 _aKnowledge
653 _aQuantitative techniques
700 _aPatri,Digambar,
_eAuthor.
942 _cBK
999 _c5820
_d5820